00453nmm a2200133Ia 4500008004100000020001800041041000800059100002500067245007100092264006600163300001800229650002100247856005100268251105s9999||||xx |||||||||||||||||und|| a9788490645802 aspa aSolé Blanch, Jordi 0aImaginarios de la juventud :b Un recorrido histórico y cultural a[Madrid, España] :bUniversitat Oberta de Catalunya, c2015 a218 páginas aCultural Studies uhttps://public.digitaliapublishing.com/a/37976